| 000 | 01038cam a2200265u 4500 | ||
|---|---|---|---|
| 001 | 11646 | ||
| 003 | BD-RjUL | ||
| 005 | 20211208235147.0 | ||
| 008 | 140127s1965 nyu 000 0 eng | ||
| 035 | _a(BD-RjUL)11695 | ||
| 040 |
_aDLC _cCarP _dBD-RjUL _beng |
||
| 041 | _aeng | ||
| 082 |
_a297 _bBEM 1892 |
||
| 100 | 1 |
_aBettany, G. T. _9221796 |
|
| 245 | 1 | 0 |
_aMohammedanism and other religions of Mediterranean countries : _bbeing a popular account of Mahomet the Koran, modern Islam, together with descriptions of the Egyptian, Assyrian, Phœnician, and also the Greek, Roman, Teutonic, and Celtic religions ; with many illustrations / _cby G. T. Bettany |
| 260 |
_aLondon : _bWard, Lock, Bowden and Co., _c1892. |
||
| 300 |
_aviii, 395 p. : _bIll. ; _c23 cm. |
||
| 490 | _aWorld's religions series. | ||
| 650 |
_aIslam. _9221797 |
||
| 650 |
_aReligions. _9221798 |
||
| 650 |
_aIslam _xRelations _xOther religions. _9221799 |
||
| 830 |
_a World's religions series. _9221800 |
||
| 942 |
_2ddc _cRAR |
||
| 999 |
_c11646 _d11646 |
||